Dickens on screen

সংরক্ষণ করুন:
গ্রন্থ-পঞ্জীর বিবরন
বিন্যাস: গ্রন্থ
ভাষা:Undetermined
প্রকাশিত: Cambridge, UK,New York Cambridge University Press 2003
বিষয়গুলি:
ট্যাগগুলো: ট্যাগ যুক্ত করুন
কোনো ট্যাগ নেই, প্রথমজন হিসাবে ট্যাগ করুন!
Thư viện lưu trữ: Trung tâm Học liệu Trường Đại học Cần Thơ
LEADER 00582nam a2200193Ia 4500
001 CTU_158193
008 210402s9999 xx 000 0 und d
020 |c 36.99 
082 |a 791.436 
082 |b D548 
245 0 |a Dickens on screen 
245 0 |c edited by John Glavin 
260 |a Cambridge, UK,New York 
260 |b Cambridge University Press 
260 |c 2003 
650 |a English fiction,Film adaptations,Tiểu thuyết Anh,Phóng tác phim 
650 |x History and criticism 
910 |a Nguyên 
980 |a Trung tâm Học liệu Trường Đại học Cần Thơ